Μυστράς : βυζαντινή πρωτεύουσα της Πελοποννήσου
Αποθηκεύτηκε σε:
| Κύριος συγγραφέας: | |
|---|---|
| Άλλοι συγγραφείς: | , |
| Μορφή: | Βιβλίο |
| Γλώσσα: | Greek |
| Δημοσίευση: |
Αθήνα :
Μ. Καρδαμίτσα,
1986.
|
| Θέματα: | |
| Ετικέτες: |
Προσθήκη ετικέτας
Δεν υπάρχουν, Καταχωρήστε ετικέτα πρώτοι!
|
MARC
| LEADER | 00000cam a2200000 i 4500 | ||
|---|---|---|---|
| 001 | 1/12911 | ||
| 008 | 980216s1986 gr | ||| |||| ||gre|| | ||
| 035 | |1 ΠΑΡ |a 1997 |l 10018822 | ||
| 040 | |a GR-MyUa |b gre |e AACR2 | ||
| 041 | 0 | |a gre | |
| 082 | 7 | |a 938.376 |2 (22) | |
| 100 | 1 | |a Runciman, Steven, |d 1903-2000. | |
| 245 | 1 | 0 | |a Μυστράς : |b βυζαντινή πρωτεύουσα της Πελοποννήσου / |c Steven Runciman ; μετάφραση: Πέι Κορρέ, Τζίνα Καπατσώρη. |
| 260 | |a Αθήνα : |b Μ. Καρδαμίτσα, |c 1986. | ||
| 300 | |a 195 σ. : |b εικ. ; |c 25 εκ. | ||
| 500 | |a Μετάφραση του: Mistra. | ||
| 651 | 0 | |a Mistra (Greece) |x History |y 13th century. | |
| 651 | 0 | |a Mistra (Greece) |x History |y 15th century. | |
| 700 | 1 | |a Corre, Pei, |e trl | |
| 700 | 1 | |a Καπατσώρη, Τζίνα, |e trlf | |
| 765 | 0 | 8 | |i Μετάφραση του: |t Mistra : |
| 852 | |a INST |b LESVOS |e 19980216 |h 938.376 RUN |p 005100015210 |q 005100015210 |t BK |y 0 | ||
| 922 | |a 1ΕΛΗ |b 199711 |c ΚΠΣ/ΕΥΘΥΜΙΑΔΗΣ |d EMVASIS | ||
| 950 | |a 149-1996-07-16 | ||
| 970 | |a ΚΑΜΑΤΣΟΥ |b ΔΕΣΠΟΙΝΑ |z 2000/03/14 | ||